Komunálne podniky orgán komunálnych podnikov na Slovensku

Bibliographic Details
New Title:Miestne hospodárstvo
Previous Title:Komunálne podniky
Format: Journal
Language:Slovak
PhysicalDescription:1 zv. 30 cm
Published: Bratislava Povereníctvo vnútra 1951
Subjects:

MARC

LEADER 00000cas a2200000 a 4500
001 vtls010301456
003 SK-MaSNL
005 20260513185242.0
008 110810d19511951xo mr|p 0 b0slo
040 |a SNK  |b slo  |c SNK  |e AACR2 
041 0 |a slo 
044 |a xo  |c SK 
072 7 |a 334  |x Formy organizácie a spolupráce v ekonomike  |2 konspekt 
080 |a 334.724.2  |2 2001 
245 0 0 |a Komunálne podniky  |b orgán komunálnych podnikov na Slovensku 
260 |a Bratislava  |b Povereníctvo vnútra  |c 1951 
300 |a 1 zv.  |c 30 cm 
310 |a 1x mesačne 
362 0 |a Roč. I, č. 1 (1951)-č. 12 (1951) 
500 |a Zodp. red.: 1/1951-9/1951, Ján Dovala ; 10/1951-12/1951, Filip Suchý 
500 |a Vyd. Povereníctvo vnútra v Bratislave 
500 |a Tlač. Tatran, n. p., zákl. závod v Bratislave 
500 |a Nadviazal na: Komunálne podniky (príloha k časopisu Národné výbory) 
500 |a Od r. 1952 pokračuje ako časopis: Miestne hospodárstvo 
650 0 7 |a miestne hospodárstvo  |2 SNKPH  |9 87924 
650 0 7 |a komunálne podniky  |2 SNKPH  |9 49974 
655 7 |a podnikové časopisy  |2 SNKPH  |9 265225 
700 1 |a Dovala, Ján  |4 lso  |9 273421 
700 1 |a Suchý, Filip,  |d 1907-1976  |4 lso  |9 1638730 
780 0 0 |t Komunálne podniky  |w vtls010301457 
785 0 0 |t Miestne hospodárstvo  |w vtls010301590 
910 |a snk 
916 |a 1951 
999 |c 9065  |d 10995 
952 |t č. 1-12  |a SNK  |b SNK  |y PREZ  |7 0  |p 17A0713728  |o snkČSB 608/1/1951  |i snk577/52  |f 1  |0 0  |1 0  |4 0  |d 2015-03-16  |l 0  |r 2026-02-21 21:15:30  |w 2026-02-21